000 00212 a2200097 4500
001 35021
100 _aGupta IC
245 _aEngineering Metrology
260 _aND
_bDhanpat Rai & Sons
_c
090 _c23170
_d23170
942 _aNUST-CAE
_cM
_c14637
999 _c270094
_d270094